GOAL:AN ENGLISH COURSE FOR KENYAN SECONDARY SCHOOLS (Record no. 174022)
[ view plain ]
| 000 -LEADER | |
|---|---|
| fixed length control field | 00571nam a2200181Ia 4500 |
| 003 - CONTROL NUMBER IDENTIFIER | |
| control field | OSt |
| 005 - DATE AND TIME OF LATEST TRANSACTION | |
| control field | 20250902154513.0 |
| 020 ## - INTERNATIONAL STANDARD BOOK NUMBER | |
| International Standard Book Number | 0-19-572418-6 |
| 040 ## - CATALOGING SOURCE | |
| Transcribing agency | LC |
| 050 ## - LIBRARY OF CONGRESS CALL NUMBER | |
| Classification number | PE 1128 .H 63 1981 V.3 |
| Item number | 25 |
| 100 ## - MAIN ENTRY--PERSONAL NAME | |
| Personal name | HOCKING,BRIAN |
| 245 #0 - TITLE STATEMENT | |
| Title | GOAL:AN ENGLISH COURSE FOR KENYAN SECONDARY SCHOOLS |
| 260 ## - PUBLICATION, DISTRIBUTION, ETC. | |
| Place of publication, distribution, etc. | NAIROBI, |
| Name of publisher, distributor, etc. | OXFORD UNIVERSITY PRESS, |
| Date of publication, distribution, etc. | 1981, |
| 300 ## - PHYSICAL DESCRIPTION | |
| Extent | Viii,190 P, ILL |
| 650 ## - SUBJECT ADDED ENTRY--TOPICAL TERM | |
| Topical term or geographic name entry element | English language Composition and exercises, English language Study and teaching (Secondary)Kenya |
| 700 ## - ADDED ENTRY--PERSONAL NAME | |
| Personal name | MATIRU BARBARA, MWOSA JANIS |
| 942 ## - ADDED ENTRY ELEMENTS (KOHA) | |
| Koha item type | Long Loan Book |
| Source of classification or shelving scheme | Library of Congress Classification |
| Suppress in OPAC | No |
| Withdrawn status | Lost status | Source of classification or shelving scheme | Damaged status | Not for loan | Collection | Home library | Current library | Shelving location | Date acquired | Inventory number | Total checkouts | Full call number | Barcode | Date last seen | Copy number | Price effective from | Koha item type |
|---|---|---|---|---|---|---|---|---|---|---|---|---|---|---|---|---|---|
| Library of Congress Classification | Arts & Social Sciences | Kisii University Library | Kisii University Library | On Display | 09/17/2024 | 0320487 | PE 1128 .H 63 1981 V. 3 | 000000013013 | 09/17/2024 | 25 | 09/17/2024 | Long Loan Book |